| 000 | 00513cam a2200193 4500 | ||
|---|---|---|---|
| 001 | B241 | ||
| 008 | 090401t1985 xxu||||| |||| 00| 0 eng d | ||
| 035 | _a(Sirsi) u34544 | ||
| 041 | _aeng | ||
| 050 | _a639.9 | ||
| 100 | _aHelliwell, D. Rodney | ||
| 245 | _aPlanning for nature conservation | ||
| 260 |
_aChichester _bPackard Publishing Ltd _c1985 |
||
| 300 | _a115p. : ill. ; 21cm. | ||
| 350 | _a5.5 | ||
| 490 | _aApplied Ecology and Nature Resource Management Series | ||
| 942 | _n0 | ||
| 948 | _c04/03/1997 | ||
| 999 |
_c89959 _d89959 |
||